[Event "Madrid it"]
[Site "Madrid ESP"]
[Date "1973.11.26"]
[Round "1"]
[White "Bellon Lopez, Juan Manuel"]
[Black "Hort, Vlastimil"]
[Result "0-1"]
[WhiteElo "2400"]
[BlackElo "2590"]
[EventDate "1973.11.26"]
[PlyCount "64"]

1.e4 c5 2.d3 Nc6 3.f4 e6 4.Nf3 d5 5.Qe2 Nge7 6.g3 g6 7.Bg2 Bg7 8.c3 b6 9.
O-O Ba6 10.exd5 Nxd5 11.f5 gxf5 12.Ng5 Nce7 13.g4 h6 14.Nh3 O-O 15.g5 hxg5
16.Bxg5 Rc8 17.Rf3 Qd6 18.Rg3 f4 19.Rg4 f5 20.Bxd5 Nxd5 21.Rh4 e5 22.Qh5 
Nf6 23.Qg6 Qxd3 24.Na3 Rcd8 25.Nf2 Qd7 26.Bxf6 Rxf6 27.Qh7+ Kf7 28.Rd1 
Rg6+ 29.Qxg6+ Kxg6 30.Rxd7 Rxd7 31.c4 Rd2 32.Rh3 e4 0-1

[Event "Madrid it"]
[Site "Madrid ESP"]
[Date "1973.11.26"]
[Round "1"]
[White "Ljubojevic, Ljubomir"]
[Black "Tukmakov, Vladimir"]
[Result "0-1"]
[WhiteElo "2565"]
[BlackElo "2545"]
[EventDate "1973.11.26"]
[PlyCount "100"]

1.e4 c5 2.Nf3 d6 3.d4 cxd4 4.Nxd4 Nf6 5.Nc3 a6 6.Bg5 e6 7.a4 Be7 8.Bc4 O-O
9.O-O Nc6 10.Re1 Qc7 11.Nb3 b6 12.Bf1 Bb7 13.Re3 Rfd8 14.Qe2 Rac8 15.Rd1 
Ne5 16.Rd4 h6 17.Bh4 Ng6 18.Bg3 e5 19.Rd2 Qc6 20.f3 Rc7 21.Qf2 Rb8 22.Nb5 
Rcc8 23.Na7 Qxa4 24.Nxc8 Rxc8 25.Red3 Rc6 26.Rd1 Nh5 27.Ra1 Qb4 28.Ra3 
Nhf4 29.Re3 d5 30.exd5 Nxd5 31.Re1 a5 32.Ra2 a4 33.Re4 axb3 34.Rxb4 bxa2 
35.Ra4 Bc5 36.c3 Ndf4 37.Rxa2 Bxf2+ 38.Bxf2 Rd6 39.Ra1 Kh7 40.b4 f5 41.c4 
Nd3 42.Bxd3 Rxd3 43.Bxb6 Rc3 44.Ra7 Bc8 45.c5 Nf4 46.Bc7 Rc1+ 47.Kf2 Rc2+ 
48.Kf1 Be6 49.Bxe5 Bc4+ 50.Kg1 Rc1+ 0-1

[Event "Madrid it"]
[Site "Madrid ESP"]
[Date "1973.11.27"]
[Round "2"]
[White "Hort, Vlastimil"]
[Black "Calvo Minguez, Ricardo"]
[Result "1/2-1/2"]
[WhiteElo "2590"]
[BlackElo "2470"]
[EventDate "1973.11.26"]
[PlyCount "41"]

1.c4 c5 2.Nf3 Nc6 3.e3 e6 4.d4 d5 5.cxd5 exd5 6.Nc3 Nf6 7.Be2 c4 8.Ne5 Bb4
9.Bd2 O-O 10.O-O Re8 11.Nxc6 bxc6 12.b3 cxb3 13.axb3 Bd6 14.Rc1 Bd7 15.g3 
Rb8 16.Ra1 Bh3 17.Re1 Qd7 18.Bf3 Ne4 19.Nxe4 dxe4 20.Be2 Be6 21.Bc4 
1/2-1/2

[Event "Madrid it"]
[Site "Madrid ESP"]
[Date "1973.11.27"]
[Round "2"]
[White "Panno, Oscar"]
[Black "Karpov, Anatoly"]
[Result "1/2-1/2"]
[WhiteElo "2585"]
[BlackElo "2660"]
[EventDate "1973.11.26"]
[PlyCount "45"]

1.c4 Nf6 2.g3 c6 3.Nf3 d5 4.b3 Bf5 5.Bg2 e6 6.O-O Be7 7.Bb2 h6 8.d3 O-O 9.
Nbd2 Bh7 10.a3 Nbd7 11.b4 a5 12.Qb3 axb4 13.axb4 Qb6 14.Bc3 Rfc8 15.Qb2 
Bf8 16.h3 Qd8 17.Ra5 Rxa5 18.bxa5 b6 19.axb6 Qxb6 20.Ra1 Qxb2 21.Bxb2 Bb4 
22.cxd5 cxd5 23.Rc1 1/2-1/2

[Event "Madrid it"]
[Site "Madrid ESP"]
[Date "1973.11.27"]
[Round "2"]
[White "Planinc, Albin"]
[Black "Kaplan, Julio"]
[Result "1-0"]
[WhiteElo "2525"]
[BlackElo "2455"]
[EventDate "1973.11.26"]
[PlyCount "70"]

1.g3 c5 2.Bg2 Nc6 3.Nf3 g6 4.O-O Bg7 5.c3 d5 6.d3 Nf6 7.Nbd2 d4 8.Nb3 Nd7 
9.Bd2 O-O 10.Rc1 Qb6 11.e3 Nde5 12.Nxe5 Nxe5 13.Nxc5 dxe3 14.Bxe3 Qxb2 15.
h3 Rd8 16.Qa4 Qe2 17.g4 Nxd3 18.Rcd1 Be6 19.Nxe6 fxe6 20.Qc4 Rac8 21.Qxe6+
Kh8 22.Qxe7 Qxa2 23.Bxb7 Rb8 24.Bd4 Bxd4 25.cxd4 Qb3 26.Be4 Nb2 27.Rd2 Qb4
28.Qf6+ Kg8 29.Rc2 Qxd4 30.Qxd4 Rxd4 31.Bg2 Nc4 32.Rfc1 Nd6 33.Ra1 Rd8 34.
Rxa7 Ne4 35.Re7 Rd1+ 1-0

[Event "Madrid it"]
[Site "Madrid ESP"]
[Date "1973.11.27"]
[Round "2"]
[White "Pomar Salamanca, Arturo"]
[Black "Furman, Semen"]
[Result "1/2-1/2"]
[WhiteElo "2435"]
[BlackElo "2540"]
[EventDate "1973.11.26"]
[PlyCount "94"]

1.d4 Nf6 2.c4 c5 3.Nf3 cxd4 4.Nxd4 e5 5.Nf3 e4 6.Nd4 d5 7.e3 dxc4 8.Bxc4 
Bc5 9.O-O O-O 10.b3 Qd6 11.Be2 Re8 12.Bb2 Qe5 13.Nd2 Qg5 14.Kh1 Nbd7 15.
Rc1 a6 16.Nc4 Nb6 17.Nxb6 Bxb6 18.Qd2 Bd7 19.Qb4 Nd5 20.Qd6 Rad8 21.Qg3 
Qh6 22.h4 Ba7 23.Bg4 Qg6 24.Bxd7 Qxg3 25.fxg3 Rxd7 26.Nf5 Nxe3 27.Nxg7 
Red8 28.Rf4 Rd1+ 29.Rxd1 Rxd1+ 30.Kh2 Rd2 31.Bc1 Rxg2+ 32.Kh3 Re2 33.Nh5 
Nd1 34.Nf6+ Kh8 35.h5 Nf2+ 36.Kh4 Nd3 37.Rf5 Bd4 38.Bg5 Rf2 39.Kg4 Rxf5 
40.Kxf5 e3 41.Ke4 e2 42.Bd2 Bxf6 43.Kxd3 Be5 44.g4 Kg7 45.Kxe2 Kf6 46.Kf3 
Ke6 47.Ke4 Bf6 1/2-1/2

[Event "Madrid it"]
[Site "Madrid ESP"]
[Date "1973.11.27"]
[Round "2"]
[White "Portisch, Lajos"]
[Black "Uhlmann, Wolfgang"]
[Result "1/2-1/2"]
[WhiteElo "2650"]
[BlackElo "2560"]
[EventDate "1973.11.26"]
[PlyCount "84"]

1.c4 e5 2.Nc3 Nf6 3.g3 Bb4 4.Nf3 e4 5.Nd4 O-O 6.Bg2 Re8 7.O-O Nc6 8.Nc2 
Bxc3 9.dxc3 d6 10.Bg5 h6 11.Bxf6 Qxf6 12.Ne3 Re5 13.Qc2 Bf5 14.Rad1 Rae8 
15.Rd5 Ne7 16.Rxe5 Qxe5 17.Qa4 Nc6 18.Qb5 Qxb5 19.cxb5 Ne7 20.Rd1 Bd7 21.
c4 f5 22.f3 exf3 23.Bxf3 Bc8 24.Rd3 Kf7 25.b4 Ke6 26.Nc2 Kf6 27.Ra3 a6 28.
Nd4 Ng6 29.bxa6 bxa6 30.Bc6 Re5 31.b5 axb5 32.cxb5 Ne7 33.Ra7 Nxc6 34.bxc6
Re7 35.Ra8 Be6 36.Kf2 Ke5 37.Ke3 Bc4 38.Ra5+ d5 39.Ra8 g5 40.Rf8 Kd6+ 41.
Kd2 Kc5 42.e3 f4 1/2-1/2

[Event "Madrid it"]
[Site "Madrid ESP"]
[Date "1973.11.28"]
[Round "3"]
[White "Ljubojevic, Ljubomir"]
[Black "Hort, Vlastimil"]
[Result "1/2-1/2"]
[WhiteElo "2565"]
[BlackElo "2590"]
[EventDate "1973.11.26"]
[PlyCount "43"]

1.e4 c6 2.d3 d5 3.Nd2 g6 4.c3 Bg7 5.Ngf3 e5 6.Be2 Ne7 7.h4 h6 8.h5 g5 9.d4
exd4 10.Nxd4 O-O 11.O-O c5 12.Nc2 Nbc6 13.f4 gxf4 14.Rxf4 d4 15.cxd4 Nxd4 
16.Nxd4 Qxd4+ 17.Rf2 Be6 18.Qc2 f5 19.exf5 Nxf5 20.Nf3 Qd6 21.Bc4 Rae8 22.
Bd2 1/2-1/2

[Event "Madrid it"]
[Site "Madrid ESP"]
[Date "1973.11.28"]
[Round "3"]
[White "Uhlmann, Wolfgang"]
[Black "Planinc, Albin"]
[Result "1-0"]
[WhiteElo "2560"]
[BlackElo "2525"]
[EventDate "1973.11.26"]
[PlyCount "77"]

1.c4 Nf6 2.Nc3 g6 3.e4 d6 4.d4 Bg7 5.Be2 O-O 6.Bg5 Nbd7 7.Qd2 c6 8.Nf3 e5 
9.O-O exd4 10.Nxd4 Nc5 11.Qf4 Qe7 12.Rad1 Re8 13.Rfe1 a5 14.Qh4 Ncd7 15.
Bf1 Qf8 16.Bc1 a4 17.Nc2 Nc5 18.f3 Nfd7 19.Qf2 Bf6 20.Bf4 Ne5 21.Qd2 Rd8 
22.Bh6 Qe7 23.Ne3 Bh4 24.Ned5 cxd5 25.Nxd5 Qe6 26.Qf4 Bxe1 27.Rxe1 f6 28.
Nxf6+ Kh8 29.Qh4 Rd7 30.Nxd7 Bxd7 31.Bd2 Rf8 32.Bc3 Kg8 33.Qh6 Qf6 34.Rd1 
Bc6 35.Qd2 Qf4 36.Qxd6 Ncd7 37.c5 h5 38.Bc4+ Nxc4 39.Qxg6# 1-0

[Event "Madrid it"]
[Site "Madrid ESP"]
[Date "1973.11.28"]
[Round "3"]
[White "Calvo Minguez, Ricardo"]
[Black "Portisch, Lajos"]
[Result "0-1"]
[WhiteElo "2470"]
[BlackElo "2650"]
[EventDate "1973.11.26"]
[PlyCount "88"]

1.d4 Nf6 2.Nf3 e6 3.c4 c5 4.g3 cxd4 5.Nxd4 d5 6.Bg2 e5 7.Nb3 d4 8.O-O Nc6 
9.Bg5 a5 10.N1d2 a4 11.Nc1 Be7 12.Bxf6 Bxf6 13.Nd3 O-O 14.b4 axb3 15.axb3 
Rxa1 16.Qxa1 Bg4 17.Re1 Bg5 18.Qb2 Qe7 19.Ne4 Bh6 20.Nec5 Bf5 21.e4 dxe3 
22.Bxc6 Bxd3 23.Nxd3 bxc6 24.fxe3 Re8 25.b4 g6 26.b5 e4 27.Nf4 Qc5 28.bxc6
Bxf4 29.gxf4 Qxc6 30.Qd4 Qe6 31.Ra1 h5 32.Rf1 Qg4+ 33.Kh1 Qe2 34.Kg1 Ra8 
35.Rf2 Qe1+ 36.Rf1 Qe2 37.Rf2 Qg4+ 38.Rg2 Qe6 39.Rg5 Ra2 40.Qd8+ Kh7 41.f5
Qxc4 42.fxg6+ Kh6 43.Qd1 Kxg5 44.g7 f6 0-1

[Event "Madrid it"]
[Site "Madrid ESP"]
[Date "1973.11.28"]
[Round "3"]
[White "Furman, Semen"]
[Black "Panno, Oscar"]
[Result "1-0"]
[WhiteElo "2540"]
[BlackElo "2585"]
[EventDate "1973.11.26"]
[PlyCount "59"]

1.Nf3 Nf6 2.c4 b6 3.d4 Bb7 4.Nc3 e6 5.a3 d5 6.cxd5 Nxd5 7.e3 Be7 8.Bb5+ c6
9.Bd3 O-O 10.e4 Nxc3 11.bxc3 c5 12.O-O cxd4 13.cxd4 Nc6 14.Be3 Bf6 15.Bb1 
Rc8 16.Qd3 g6 17.Ba2 Qd7 18.Rad1 Na5 19.Bh6 Rfe8 20.Ng5 Qe7 21.f4 Qc7 22.
f5 Bxg5 23.Bxg5 Qc3 24.fxe6 fxe6 25.Qe2 Qxa3 26.Qf2 Rc7 27.Rd3 Qd6 28.Bf4 
Qe7 29.Bxc7 Ba6 30.Bd6 1-0

[Event "Madrid it"]
[Site "Madrid ESP"]
[Date "1973.11.28"]
[Round "3"]
[White "Garcia Martinez, Silvino"]
[Black "Tukmakov, Vladimir"]
[Result "1/2-1/2"]
[WhiteElo "2450"]
[BlackElo "2545"]
[EventDate "1973.11.26"]
[PlyCount "83"]

1.c4 Nf6 2.Nc3 g6 3.g3 Bg7 4.Bg2 O-O 5.d4 d6 6.Nf3 c6 7.O-O Qa5 8.d5 Qb4 
9.Qb3 Qxb3 10.axb3 cxd5 11.cxd5 Na6 12.Nd2 Nd7 13.Nc4 Ndc5 14.Bg5 Re8 15.
b4 Nxb4 16.Nb6 Rb8 17.Rxa7 h6 18.Be3 Nb3 19.Ra3 Nd4 20.Ra4 Nbc2 21.Bc1 Nb3
22.e3 Bf5 23.Rd1 Nc5 24.Rc4 Nd7 25.Nxd7 Bxd7 26.Be4 b5 27.Rc7 Bf5 28.Bxf5 
gxf5 29.Bd2 Nb4 30.Be1 Nc2 31.Bd2 Nb4 32.Be1 Na6 33.Ra7 Nc5 34.b4 Ne4 35.
Nxe4 fxe4 36.Rc1 Rec8 37.Rxc8+ Rxc8 38.Kf1 Rc1 39.Ke2 Ra1 40.Rxe7 Ra2+ 41.
Kf1 Ra1 42.Ke2 1/2-1/2

[Event "Madrid it"]
[Site "Madrid ESP"]
[Date "1973.11.28"]
[Round "3"]
[White "Kaplan, Julio"]
[Black "Pomar Salamanca, Arturo"]
[Result "1-0"]
[WhiteElo "2455"]
[BlackElo "2435"]
[EventDate "1973.11.26"]
[PlyCount "57"]

1.Nf3 Nf6 2.g3 b6 3.Bg2 Bb7 4.O-O e6 5.d3 d5 6.Nbd2 Nbd7 7.Qe1 g6 8.e4 
dxe4 9.Nxe4 Nxe4 10.dxe4 Ba6 11.Qc3 Bxf1 12.Qxh8 Bxg2 13.Kxg2 Qf6 14.Qxh7 
O-O-O 15.Bg5 Qxb2 16.Bxd8 Qxa1 17.Qxf7 Kxd8 18.Ng5 Qxa2 19.Nxe6+ Kc8 20.
Qe8+ Kb7 21.Qxd7 Bd6 22.Nd8+ Ka6 23.Qc6 Qa5 24.c4 Qc5 25.Qa4+ Qa5 26.Qd7 
b5 27.Qc8+ Kb6 28.Qb7+ Kc5 29.Qd5+ 1-0

[Event "Madrid it"]
[Site "Madrid ESP"]
[Date "1973.11.30"]
[Round "4"]
[White "Tukmakov, Vladimir"]
[Black "Karpov, Anatoly"]
[Result "1/2-1/2"]
[WhiteElo "2545"]
[BlackElo "2660"]
[EventDate "1973.11.26"]
[PlyCount "33"]

1.Nf3 Nf6 2.c4 e6 3.d4 b6 4.g3 Bb7 5.Bg2 Be7 6.O-O O-O 7.Nc3 Ne4 8.Qc2 
Nxc3 9.Qxc3 d6 10.b3 Nd7 11.Bb2 Nf6 12.Rfd1 c5 13.Ne1 Bxg2 14.Nxg2 cxd4 
15.Qxd4 Qb8 16.Rac1 Rd8 17.Ne3 1/2-1/2

[Event "Madrid it"]
[Site "Madrid ESP"]
[Date "1973.11.30"]
[Round "4"]
[White "Pomar Salamanca, Arturo"]
[Black "Uhlmann, Wolfgang"]
[Result "0-1"]
[WhiteElo "2435"]
[BlackElo "2560"]
[EventDate "1973.11.26"]
[PlyCount "106"]

1.Nf3 g6 2.d4 Bg7 3.g3 c5 4.c3 Qb6 5.Qb3 Nf6 6.Qxb6 axb6 7.Na3 d6 8.Bg2 
Nc6 9.Nb5 O-O 10.O-O Be6 11.Na3 Ne4 12.e3 b5 13.Nd2 Nxd2 14.Bxd2 b4 15.Nc2
Bxa2 16.cxb4 cxd4 17.b5 dxe3 18.bxc6 exd2 19.cxb7 Ra4 20.Bd5 Bxd5 21.Rxa4 
Bxb7 22.Rd1 Bxb2 23.Rxd2 Rc8 24.Ra7 Bc3 25.Re2 Rc7 26.Re3 Bf6 27.Rb3 Rxc2 
28.Raxb7 h5 29.h4 Bd4 30.Rf3 Kf8 31.Rb8+ Kg7 32.Rb7 Rc1+ 33.Kg2 Re1 34.Rf4
Bc5 35.g4 hxg4 36.Rxg4 f5 37.Rg3 Kf7 38.Rb8 Re2 39.Rf3 e6 40.h5 gxh5 41.
Rh8 Kg6 42.Rg3+ Kf6 43.Rh6+ Ke5 44.Rf3 f4 45.Rxh5+ Ke4 46.Rh8 e5 47.Ra8 d5
48.Ra4+ Kf5 49.Ra5 Rc2 50.Rb3 Kg4 51.Rd3 Rxf2+ 52.Kh1 Be3 53.Ra8 d4 0-1

[Event "Madrid it"]
[Site "Madrid ESP"]
[Date "1973.11.30"]
[Round "4"]
[White "Bellon Lopez, Juan Manuel"]
[Black "Garcia Martinez, Silvino"]
[Result "1/2-1/2"]
[WhiteElo "2400"]
[BlackElo "2450"]
[EventDate "1973.11.26"]
[PlyCount "101"]

1.Nf3 d5 2.b3 Bg4 3.Bb2 Bxf3 4.exf3 e6 5.f4 Ne7 6.g3 Nbc6 7.d3 Nf5 8.Bh3 
Be7 9.Bxf5 Bf6 10.Be5 exf5 11.O-O O-O 12.Re1 Re8 13.Bc3 Bxc3 14.Nxc3 Rxe1+
15.Qxe1 d4 16.Nb1 Qd5 17.Nd2 Kf8 18.Qd1 Re8 19.Nc4 g6 20.Qd2 f6 21.Re1 
Rxe1+ 22.Qxe1 Kf7 23.h4 Qc5 24.a4 a6 25.Qa1 b5 26.axb5 axb5 27.Na3 Nb4 28.
Kf1 Kg7 29.Qb2 c6 30.Ke2 Nd5 31.Nb1 Kh6 32.Kd1 Kh5 33.Qc1 Qa7 34.Kd2 Qa1 
35.Qd1+ Kh6 36.Ke1 Qb2 37.Kd2 Qa1 38.Qc1 Kg7 39.Qd1 h5 40.Qc1 Kf7 41.Qd1 
Ke7 42.Qc1 Kd7 43.Qd1 Kc7 44.Qe1 Kb6 45.Qe8 Qxb1 46.Qb8+ Ka5 47.Qa7+ Kb4 
48.Qxd4+ Ka3 49.Qa7+ Kb2 50.Qd4+ Ka2 51.Qa7+ 1/2-1/2

[Event "Madrid it"]
[Site "Madrid ESP"]
[Date "1973.11.30"]
[Round "4"]
[White "Panno, Oscar"]
[Black "Kaplan, Julio"]
[Result "1-0"]
[WhiteElo "2585"]
[BlackElo "2455"]
[EventDate "1973.11.26"]
[PlyCount "76"]

1.Nf3 c5 2.b3 Nf6 3.Bb2 e6 4.c4 Be7 5.g3 O-O 6.Bg2 d5 7.O-O b6 8.Nc3 Bb7 
9.e3 Nbd7 10.Qe2 Ne4 11.cxd5 Nxc3 12.Bxc3 Bxd5 13.Rfd1 Qc7 14.e4 Bb7 15.d4
Nf6 16.Ne5 cxd4 17.Bxd4 Rac8 18.a4 Rfd8 19.Nc4 Bc6 20.e5 Ne8 21.Bxc6 Qxc6 
22.Rac1 Qb7 23.Bb2 Rxd1+ 24.Rxd1 Rd8 25.Rxd8 Bxd8 26.Qd3 Be7 27.Ba3 Bxa3 
28.Nxa3 Qc7 29.Nc4 f6 30.Qe4 Qd7 31.exf6 gxf6 32.h4 Ng7 33.Qf3 Qe7 34.Qe4 
Qd7 35.Qf3 Qe7 36.Qa8+ Kf7 37.Qe4 h5 38.Ne3 Qa3 1-0

[Event "Madrid it"]
[Site "Madrid ESP"]
[Date "1973.11.30"]
[Round "4"]
[White "Planinc, Albin"]
[Black "Calvo Minguez, Ricardo"]
[Result "0-1"]
[WhiteElo "2525"]
[BlackElo "2470"]
[EventDate "1973.11.26"]
[PlyCount "34"]

1.g3 g6 2.Bg2 Bg7 3.Nf3 c5 4.O-O Nc6 5.c3 e5 6.e4 Nge7 7.a3 O-O 8.b4 b6 9.
d3 Ba6 10.Ne1 Qc7 11.Nd2 Rad8 12.Rb1 Bc8 13.Qe2 d5 14.bxc5 bxc5 15.Nb3 c4 
16.dxc4 dxe4 17.Qxe4 Bf5 0-1

[Event "Madrid it"]
[Site "Madrid ESP"]
[Date "1973.12.01"]
[Round "5"]
[White "Browne, Walter Shawn"]
[Black "Hort, Vlastimil"]
[Result "0-1"]
[WhiteElo "2530"]
[BlackElo "2590"]
[EventDate "1973.11.26"]
[PlyCount "100"]

1.e4 d6 2.d4 Nf6 3.Nc3 g6 4.Bg5 Bg7 5.f4 O-O 6.Nf3 c6 7.Bd3 b5 8.Qd2 Bg4 
9.f5 b4 10.Ne2 Nbd7 11.O-O c5 12.c3 bxc3 13.bxc3 Qa5 14.Qf4 cxd4 15.cxd4 
Qa4 16.Kh1 Rab8 17.Bh6 Qa3 18.Rad1 Rb4 19.Qg5 Qa4 20.fxg6 fxg6 21.Bxg7 
Kxg7 22.e5 dxe5 23.dxe5 Bxf3 24.gxf3 Ng8 25.Rg1 Rb6 26.Ng3 Kh8 27.Be4 Nc5 
28.Qe3 Nxe4 29.Nxe4 Qxa2 30.Ng5 Rb2 31.Rg3 Rxh2+ 32.Kg1 Qc2 33.Re1 Rh5 34.
Rg2 Qf5 35.e6 Nf6 36.Nf7+ Kg7 37.Qxa7 Nd5 38.Qd4+ Qf6 39.Ne5 Nf4 40.Rg4 
Rg5 41.Re4 Rxg4+ 42.fxg4 Ne2+ 43.Rxe2 Qf1+ 44.Kh2 Qxe2+ 45.Kg3 Qe1+ 46.Kh3
Qf1+ 47.Kg3 Qf6 48.Kh3 g5 49.Qc3 Qf1+ 50.Kg3 Qf2+ 0-1

[Event "Madrid it"]
[Site "Madrid ESP"]
[Date "1973.12.01"]
[Round "5"]
[White "Karpov, Anatoly"]
[Black "Bellon Lopez, Juan Manuel"]
[Result "1/2-1/2"]
[WhiteElo "2660"]
[BlackElo "2400"]
[EventDate "1973.11.26"]
[PlyCount "97"]

1.c4 e5 2.Nc3 Nc6 3.g3 f5 4.Bg2 Nf6 5.d3 Bc5 6.e3 f4 7.exf4 O-O 8.Nge2 d6 
9.O-O Qe8 10.Na4 Bd4 11.Nxd4 exd4 12.a3 a5 13.b3 Bf5 14.Nb2 Qg6 15.Qc2 Nd7
16.Re1 Nc5 17.Bf1 Ra6 18.Bd2 Rb6 19.Bxa5 Rxb3 20.Bd2 Ra8 21.a4 h5 22.h3 
Ra6 23.a5 Nb4 24.Bxb4 Rxb4 25.Ra3 b6 26.Rea1 Qe6 27.axb6 Raxb6 28.Ra8+ Kh7
29.Qd1 g6 30.Na4 Nxa4 31.R8xa4 Rxa4 32.Rxa4 Bxh3 33.Ra7 Bxf1 34.Rxc7+ Kh6 
35.Qxf1 h4 36.Kg2 Rb2 37.Kf3 d5 38.gxh4 Rb3 39.cxd5 Qxd5+ 40.Kg3 Qf5 41.f3
Rxd3 42.Rc6 Rc3 43.Rd6 Kh5 44.Kg2 Rc2+ 45.Kg3 Rc3 46.Kg2 Qxf4 47.Rd5+ Kh6 
48.Qe2 Qc1 49.Rh5+ 1/2-1/2

[Event "Madrid it"]
[Site "Madrid ESP"]
[Date "1973.12.01"]
[Round "5"]
[White "Furman, Semen"]
[Black "Tukmakov, Vladimir"]
[Result "1/2-1/2"]
[WhiteElo "2540"]
[BlackElo "2545"]
[EventDate "1973.11.26"]
[PlyCount "40"]

1.d4 Nf6 2.c4 e6 3.Nc3 Bb4 4.e3 O-O 5.Ne2 d5 6.a3 Be7 7.cxd5 Nxd5 8.Bd2 
Nxc3 9.Nxc3 c5 10.dxc5 Bxc5 11.Ne4 Be7 12.Bc3 Nd7 13.Be2 Nf6 14.Qxd8 Rxd8 
15.Nxf6+ Bxf6 16.Bxf6 gxf6 17.Bf3 Bd7 18.O-O Rac8 19.Rfc1 Rxc1+ 20.Rxc1 
Rc8 1/2-1/2

[Event "Madrid it"]
[Site "Madrid ESP"]
[Date "1973.12.02"]
[Round "6"]
[White "Ljubojevic, Ljubomir"]
[Black "Karpov, Anatoly"]
[Result "1/2-1/2"]
[WhiteElo "2565"]
[BlackElo "2660"]
[EventDate "1973.11.26"]
[PlyCount "51"]

1.e4 c5 2.Nf3 e6 3.d4 cxd4 4.Nxd4 Nc6 5.Nb5 d6 6.c4 Nf6 7.N5c3 Be7 8.Be2 
O-O 9.O-O b6 10.Bf4 Bb7 11.Nd2 a6 12.a3 Nd4 13.Bd3 Nd7 14.Be3 Bf6 15.Rc1 
Ne5 16.Bb1 Nec6 17.Re1 Rb8 18.b4 b5 19.Ba2 Ba8 20.Nd5 exd5 21.cxd5 a5 22.
dxc6 Nxc6 23.Qb3 axb4 24.axb4 Ne5 25.h3 Qe7 26.Qb1 1/2-1/2

[Event "Madrid it"]
[Site "Madrid ESP"]
[Date "1973.12.02"]
[Round "6"]
[White "Pomar Salamanca, Arturo"]
[Black "Portisch, Lajos"]
[Result "1/2-1/2"]
[WhiteElo "2435"]
[BlackElo "2650"]
[EventDate "1973.11.26"]
[PlyCount "55"]

1.d4 Nf6 2.c4 c5 3.Nf3 cxd4 4.Nxd4 e6 5.Nc3 Bb4 6.Bd2 Nc6 7.e3 O-O 8.Be2 
d5 9.cxd5 Nxd4 10.exd4 Nxd5 11.Nxd5 Bxd2+ 12.Qxd2 Qxd5 13.Bf3 Qb5 14.a4 
Qa6 15.Qe2 Rb8 16.b4 b5 17.Qe5 Bd7 18.a5 Bc6 19.Bxc6 Qxc6 20.O-O Rbc8 21.
h3 Rfd8 22.a6 Rd5 23.Qf4 Qb6 24.Rfc1 Rcd8 25.Rc5 h6 26.Qc7 Qxc7 27.Rxc7 
R8d7 28.Rb7 1/2-1/2

[Event "Madrid it"]
[Site "Madrid ESP"]
[Date "1973.12.02"]
[Round "6"]
[White "Hort, Vlastimil"]
[Black "Planinc, Albin"]
[Result "1/2-1/2"]
[WhiteElo "2590"]
[BlackElo "2525"]
[EventDate "1973.11.26"]
[PlyCount "39"]

1.c4 g6 2.d4 Bg7 3.e4 d6 4.Nc3 Nf6 5.f3 O-O 6.Be3 c6 7.Bd3 a6 8.Nge2 b5 9.
b3 Nbd7 10.O-O Re8 11.Qd2 e6 12.Rad1 Qe7 13.Bg5 Qf8 14.Kh1 bxc4 15.Bxc4 
Bb7 16.Rfe1 d5 17.Bd3 c5 18.exd5 Nxd5 19.Nxd5 Bxd5 20.Be3 1/2-1/2

[Event "Madrid it"]
[Site "Madrid ESP"]
[Date "1973.12.02"]
[Round "6"]
[White "Panno, Oscar"]
[Black "Calvo Minguez, Ricardo"]
[Result "1/2-1/2"]
[WhiteElo "2585"]
[BlackElo "2470"]
[EventDate "1973.11.26"]
[PlyCount "86"]

1.Nf3 c5 2.c4 g6 3.d4 cxd4 4.Nxd4 Bg7 5.e4 Nc6 6.Be3 b6 7.Nc3 Bb7 8.Be2 
Nf6 9.O-O O-O 10.Qd2 d6 11.f3 Nd7 12.Rad1 Rc8 13.b3 Nc5 14.Nc2 Qe8 15.Bh6 
Bxh6 16.Qxh6 Nd8 17.Rfe1 f6 18.Qe3 Nf7 19.f4 Qd7 20.Nd5 Rce8 21.Nd4 Kh8 
22.b4 Na6 23.a3 Bc8 24.Nb5 Bb7 25.h3 Kg7 26.Bg4 e6 27.Qd4 Nh6 28.Ne3 Nxg4 
29.Nxg4 d5 30.e5 f5 31.Nf6 Rxf6 32.exf6+ Kf7 33.Qe5 Rd8 34.Rd2 Bc6 35.Nd4 
Nc7 36.Rc2 Ba4 37.Rc3 Re8 38.cxd5 Nxd5 39.Rd3 Nxf6 40.Nxf5 Qxd3 41.Nd6+ 
Kg7 42.Nxe8+ Bxe8 43.Rc1 Bd7 1/2-1/2

[Event "Madrid it"]
[Site "Madrid ESP"]
[Date "1973.12.02"]
[Round "6"]
[White "Tukmakov, Vladimir"]
[Black "Kaplan, Julio"]
[Result "1-0"]
[WhiteElo "2545"]
[BlackElo "2455"]
[EventDate "1973.11.26"]
[PlyCount "75"]

1.e4 c5 2.Nf3 Nc6 3.d4 cxd4 4.Nxd4 g6 5.Nc3 Bg7 6.Be3 Nf6 7.Bc4 d6 8.f3 
Qb6 9.Nf5 Qxb2 10.Nxg7+ Kf8 11.Nd5 Nxd5 12.Bxd5 Kxg7 13.O-O Qc3 14.Qc1 h5 
15.Rb1 Qa5 16.c4 e6 17.Bxc6 bxc6 18.c5 d5 19.Bd4+ f6 20.f4 Rf8 21.exd5 
cxd5 22.Qc2 Qc7 23.Rf3 Ba6 24.Rg3 Qf7 25.Ra3 Bc8 26.c6 e5 27.fxe5 Bf5 28.
exf6+ Kg8 29.Qc1 Bxb1 30.Qxb1 Rfe8 31.Rb3 Re4 32.Rb7 Qf8 33.Rg7+ Qxg7 34.
fxg7 Rxd4 35.c7 Re8 36.h3 Rc4 37.Qb8 Kf7 38.Qxe8+ 1-0

[Event "Madrid it"]
[Site "Madrid ESP"]
[Date "1973.12.04"]
[Round "7"]
[White "Furman, Semen"]
[Black "Ljubojevic, Ljubomir"]
[Result "1/2-1/2"]
[WhiteElo "2540"]
[BlackElo "2565"]
[EventDate "1973.11.26"]
[PlyCount "149"]

1.d4 g6 2.e4 Bg7 3.Nf3 d6 4.Be2 c6 5.O-O Nd7 6.Nbd2 Qc7 7.a4 Ngf6 8.c3 O-O
9.Re1 Re8 10.Bc4 e5 11.Bb3 Nf8 12.dxe5 dxe5 13.Nc4 Be6 14.Ng5 Rad8 15.Qc2 
b6 16.h3 Re7 17.Be3 Red7 18.Rad1 h6 19.Nxe6 Nxe6 20.Rxd7 Rxd7 21.Nd2 Nd8 
22.Nf3 Nb7 23.Ba2 Kh7 24.b4 c5 25.Qb1 Bf8 26.Re2 Bg7 27.Rd2 Rxd2 28.Nxd2 
cxb4 29.cxb4 Nd6 30.Qd3 h5 31.Bg5 Qc6 32.b5 Qc7 33.Kh2 Kg8 34.f3 Nfe8 35.
Bd5 Kh7 36.Bc6 Bh6 37.Bxh6 Kxh6 38.Qd5 Nf6 39.Qxe5 Nxb5 40.Qxc7 Nxc7 41.
Nc4 Nfe8 42.f4 f6 43.Kg3 g5 44.e5 fxe5 45.fxe5 Ng7 46.Kf3 Nge6 47.Ke3 Kg6 
48.Nd6 a6 49.Be4+ Kg7 50.Bf3 Kg6 51.Be4+ Kg7 52.Bf5 Nc5 53.Bc2 h4 54.Ne4 
N5e6 55.Nf6 Nc5 56.Kd4 Kf7 57.Bd1 Kg6 58.Bc2+ Kg7 59.Ke3 b5 60.axb5 Nxb5 
61.Ne4 Ne6 62.Bd3 Nbc7 63.Kf3 Kh6 64.Kg4 Nd5 65.Bxa6 Nd4 66.Nxg5 Ne3+ 67.
Kf4 Nxg2+ 68.Ke4 Kxg5 69.Kxd4 Nf4 70.Bc8 Ng6 71.e6 Kf6 72.Ke4 Nf8 73.Kd5 
Nxe6 74.Bxe6 Kg7 75.Ke5 1/2-1/2

[Event "Madrid it"]
[Site "Madrid ESP"]
[Date "1973.12.04"]
[Round "7"]
[White "Portisch, Lajos"]
[Black "Panno, Oscar"]
[Result "1-0"]
[WhiteElo "2650"]
[BlackElo "2585"]
[EventDate "1973.11.26"]
[PlyCount "71"]

1.Nf3 Nf6 2.g3 b5 3.Bg2 Bb7 4.O-O e6 5.d3 Be7 6.e4 d6 7.Nbd2 O-O 8.Ne1 c5 
9.e5 Bxg2 10.exf6 Bxf1 11.fxe7 Qxe7 12.Nxf1 Nc6 13.Nf3 Rac8 14.c3 d5 15.d4
c4 16.Ne5 Na5 17.Ne3 f6 18.Nf3 g5 19.b3 Rf7 20.h4 h6 21.Ng4 Kg7 22.Nxh6 
Kxh6 23.Nxg5 Kg7 24.Nxf7 Kxf7 25.b4 Nb7 26.Bf4 a5 27.bxa5 Ra8 28.a4 bxa4 
29.Rxa4 Rxa5 30.Rb4 Ra8 31.Rb6 Nd8 32.Qb1 Ra7 33.Kg2 Rb7 34.Rxb7 Nxb7 35.
Qb6 Qd7 36.Qc7 1-0

[Event "Madrid it"]
[Site "Madrid ESP"]
[Date "1973.12.04"]
[Round "7"]
[White "Kaplan, Julio"]
[Black "Bellon Lopez, Juan Manuel"]
[Result "1-0"]
[WhiteElo "2455"]
[BlackElo "2400"]
[EventDate "1973.11.26"]
[PlyCount "99"]

1.e4 c5 2.Nf3 Nc6 3.Bb5 g6 4.O-O Bg7 5.Re1 e5 6.Bxc6 dxc6 7.d3 Qd6 8.Nbd2 
Be6 9.b3 Ne7 10.Nc4 Qc7 11.a4 b6 12.Be3 f6 13.a5 b5 14.Nb2 Qd6 15.Qd2 Bf8 
16.c4 g5 17.Rec1 Rc8 18.Rc2 Ng6 19.Rac1 Nf4 20.cxb5 Bg4 21.Bxc5 Qe6 22.Qe3
Bh6 23.Ne1 cxb5 24.Bb4 Ne2+ 25.Rxe2 Rxc1 26.f3 Rb1 27.fxg4 Qxb3 28.Qc5 Kf7
29.Qe7+ Kg6 30.Rf2 Bg7 31.h4 h6 32.h5+ Kh7 33.Rxf6 Qxb2 34.Rg6 Rg8 35.Qf7 
Kh8 36.Bf8 Rxe1+ 37.Kh2 Rh1+ 38.Kxh1 Qc1+ 39.Kh2 Qf4+ 40.Qxf4 gxf4 41.
Bxg7+ Rxg7 42.Rxh6+ Kg8 43.a6 Rxg4 44.Rb6 Rg3 45.Rxb5 Rxd3 46.Rb7 Rd2 47.
Kh3 Rd3+ 48.Kh4 Rd4 49.Rxa7 Rxe4 50.Rb7 1-0

[Event "Madrid it"]
[Site "Madrid ESP"]
[Date "1973.12.04"]
[Round "7"]
[White "Planinc, Albin"]
[Black "Pomar Salamanca, Arturo"]
[Result "0-1"]
[WhiteElo "2525"]
[BlackElo "2435"]
[EventDate "1973.11.26"]
[PlyCount "133"]

1.g3 d5 2.Bg2 Nf6 3.d3 c5 4.Nf3 Nc6 5.O-O Bg4 6.Nbd2 e6 7.h3 Bh5 8.g4 Bg6 
9.Nh4 Bd6 10.e3 Nd7 11.Nxg6 hxg6 12.c3 Nde5 13.d4 Nd3 14.dxc5 Nxc5 15.c4 
Bc7 16.cxd5 exd5 17.Nb1 Qd6 18.f4 d4 19.Na3 a6 20.b4 Ne6 21.b5 Nb4 22.b6 
Qxb6 23.Qa4+ Kf8 24.Bd2 a5 25.Rab1 Rd8 26.Nc4 Qa6 27.Nxa5 Nd5 28.exd4 
Nexf4 29.Qa3+ Kg8 30.Rf3 Nxg2 31.Nxb7 Qe2 32.Nxd8 Nh4 33.Rf2 Bh2+ 34.Rxh2 
Nf3+ 35.Qxf3 Qxf3 36.Rf1 Qd3 37.Nxf7 Rxh3 38.Rxh3 Qxh3 39.Ne5 Ne3 40.Bxe3 
Qxe3+ 41.Rf2 Qxd4 42.Nxg6 Qd1+ 43.Kh2 Qd6+ 44.Nf4 g5 45.a4 gxf4 46.a5 Qd4 
47.Ra2 Qc4 48.Rf2 Kg7 49.a6 Qxa6 50.Rxf4 Qd6 51.Kg3 Kg6 52.Kf3 Qd3+ 53.Kf2
Kg5 54.Rf3 Qd4+ 55.Ke2 Kxg4 56.Rd3 Qc4 57.Kd2 Kf4 58.Rc3 Qd4+ 59.Kc2 Ke4 
60.Kb3 Kd5 61.Kc2 Qb4 62.Rb3 Qe4+ 63.Kb2 Qe2+ 64.Ka3 Kc4 65.Rb4+ Kc5 66.
Rb3 Qd2 67.Rb2 0-1